Представление документа в формате MARC21

Поле Инд. ПП Название Значение
Тип записи a
Библиографический уровень m
001 Контрольный номер RU/IS/BASE/404415019
005 Дата корректировки 20230516115649.4
008 Кодируемые данные 20121024
022 0_ a ISSN 1606-951Х
041 0_ a Код языка текста rus
084 a Индекс другой классификации/Индекс ББК 60; 71; 87; 80; 63
090 a Полочн. индекс 95.2+60
099 a Индекс 79734
245 10 a Заглавие Личность. Культура. Общество
b Продолж. заглавия международный журнал социальных и гуманитарных наук
n Номер части/ раздела №73-74/2012
c Ответственность Российская акад. наук, Нац. акад. наук Беларуси, Нац. акад. наук Украины; шеф-редактор Ю. М. Резник; главный редактор М. В. Тлостанова
260 c Дата издания 2012
b Издательство Личность. Культура. Общество
a Место издания Москва
300 a Объем 324 с.
500 a Примечание Журнал
530 a Примеч. о доп. формах оглавление
650 14 a Основная рубрика исторические науки
a Основная рубрика культурология
a Основная рубрика социальная философия
a Основная рубрика социальные науки (общественные науки)
a Основная рубрика социология
a Основная рубрика филологические науки
a Основная рубрика философия
a Основная рубрика этнология (этнография)
773 18 w Контрольный № источника RU/IS/BASE/407352014
900 a Имя электронного ресурса ~p_lich_kult_obsch_3_73_74_12
x Справочная информация Оглавление
901 t Тип документа s
952 a Тип литературы для КСУ ВШ НЖ
991 s 2